[Event "Centralserbian-chT 2020"]
[Site "Bajina basta"]
[Date "2020.10.14"]
[Round "7.11"]
[White "Gavrilovic, Leonardo"]
[Black "Banjovic, Sasa"]
[Result "0-1"]
[WhiteElo "2246"]
[BlackElo "2121"]
[Annotator "TA"]
[PlyCount "112"]
[EventDate "2020.10.10"]
[EventType "team-tourn"]
[EventCountry "SRB"]
[SourceTitle "playchess.com"]
[Source "ChessBase"]
[SourceQuality "1"]

{[%evp 14,112,52,41,47,43,39,0,0,0,0,-4,0,-28,-33,-160,-29,-38,-48,-32,-36,-35,-18,-127,-119,-131,-138,-141,-145,-131,-49,-164,-160,-218,-223,-333,-343,-332,-343,-338,-332,-399,-317,-319,-306,-312,-272,-270,-255,-244,-244,-290,-283,-281,-277,-344,-330,-335,-313,-375,-368,-412,-294,-465,-477,-478,-479,-468,-451,-446,-423,-445,-400,-525,-447,-460,-450,-773,-764,-746,-747,-710,-742,-1280,-1111,-1139,-1102,-1287,-1261,-29985,-29974,-29974,-29974,-29970,-29970,-29968,-10630,-29988,-29989,-29989,-29987]} 1. Nf3 f5 2. c4 Nf6 3. g3 d6 4. d4 e6 5. Nc3 Be7 6. Qc2 O-O 7. Bg2 a5 8. O-O Nc6 {A96: Classical Dutch: Fluid Systems: Early deviations.} 9. Rd1 Qe8 10. e4 e5 {The position is equal.} 11. dxe5 dxe5 12. exf5 {[#]} Qh5 $146 ({Predecessor:} 12... Ng4 13. h3 Bxf5 14. Qe2 Qh5 15. Nh2 Nd4 16. Rxd4 exd4 17. hxg4 Bxg4 18. Nxg4 Qc5 {1-0 (35) Kryger,O (2112)-Gronnestad,A (1987) Fagernes 2015}) 13. Nh4 Nd4 14. Qd3 (14. Qd2 $15) 14... Nxf5 (14... Ng4 $1 $17 {[%cal Rc8f5]} 15. f3 Nxh2 $1 {[%mdl 512]} 16. Kxh2 Bxf5) 15. Nxf5 $11 Bxf5 16. Qe2 $1 {[%cal Re2h5]} Qxe2 17. Nxe2 c6 {...Ng4 is the strong threat.} 18. Be3 {[#]} (18. Nc3 $11) 18... Ng4 $1 $17 19. Nc3 Nxe3 20. fxe3 Bc5 21. Re1 Bd3 ({Black should play} 21... Rad8 $17 22. Ne4 Bxe4 23. Bxe4 Rd2) 22. b3 ({Better is} 22. Ne4 $15 Be7 23. Red1) 22... Bb4 $36 {[%mdl 2048] Black is in control.} 23. Rac1 (23. Rec1 $17) 23... Rad8 24. Na4 (24. h3 $142) 24... Bxe1 25. Rxe1 {White hopes to continue with Nc5.} Bf5 26. Nc5 Rf7 27. Be4 Bxe4 28. Nxe4 {[%mdl 4096] Endgame KRR-KRN} Rd3 29. Kg2 b6 30. Re2 Kf8 31. Ng5 Rfd7 32. Nxh7+ Ke7 33. Ng5 {[#]} a4 $1 {[%mdl 512]} 34. Ne4 (34. bxa4 Rd2) 34... axb3 35. axb3 Rxb3 36. h4 Rd1 37. Kf3 Rc1 38. c5 (38. Ra2 {keeps fighting.}) 38... b5 39. g4 Rf1+ 40. Kg3 Rf8 41. h5 Ke6 42. Kh4 Kd5 43. Ng5 Re8 44. Rd2+ Kxc5 45. Rd7 (45. Ne4+ $142 Kb6 46. Ng3) 45... Rxe3 46. Rxg7 Re1 47. h6 Rh1+ 48. Nh3 e4 {And now ...e3 would win.} 49. h7 Rh8 50. g5 e3 {( -> ...e2)} 51. g6 e2 52. Re7 e1=Q+ 53. Rxe1 Rxe1 54. Ng5 Re7 55. Nf7 {[#]} Rxf7 $1 56. Kh5 (56. gxf7 Rxh7+) 56... Re7 {Av CentiPawn Loss W=-74/B=-19. Weighted=-61/-23} 0-1

[Event "Centralserbian-chT 2020"]
[Site "Bajina basta"]
[Date "2020.10.14"]
[Round "7.16"]
[White "Radovic, Janko"]
[Black "Topalov, Aleksandar"]
[Result "1/2-1/2"]
[WhiteElo "2433"]
[BlackElo "2228"]
[Annotator "TA"]
[PlyCount "27"]
[EventDate "2020.10.10"]
[EventType "team-tourn"]
[EventCountry "SRB"]
[SourceTitle "playchess.com"]
[Source "ChessBase"]
[SourceQuality "1"]

{[%evp 9,27,58,49,28,41,31,36,22,28,22,31,0,0,0,0,0,1,-38,-32,-44]} 1. e4 e6 2. d4 d5 3. Nc3 h6 4. Bd3 Nc6 5. Nf3 Nb4 6. Be2 {C10: French with 3 Nc3: Unusual Black 3rd moves and 3...dxe4.} Nf6 7. e5 Ne4 8. a3 {White is slightly better.} (8. O-O {is interesting.} c5 9. Be3 Be7 10. dxc5 Nxc5 11. Nd4) 8... Nxc3 9. bxc3 Nc6 10. O-O Na5 11. Be3 Bd7 12. Nd2 {[#]} c5 $146 ({Predecessor:} 12... Rc8 13. c4 dxc4 14. Nxc4 Nxc4 15. Bxc4 Bc6 16. Bb3 b5 17. c4 bxc4 18. Bxc4 Be7 {1-0 (40) Bulmaga,I (2434)-Alvarado Ascanio,F (2166) Riga 2019}) 13. f4 Qc7 14. Bd3 {White did not feel at home in the position after the opening. Av CentiPawn Loss W=-14/B=-5. Weighted=-14/-4} 1/2-1/2

[Event "Centralserbian-chT 2020"]
[Site "Bajina basta"]
[Date "2020.10.14"]
[Round "7.18"]
[White "Zlatanovic, Boroljub"]
[Black "Dimitrijevic, Nenad"]
[Result "1/2-1/2"]
[WhiteElo "2372"]
[BlackElo "2142"]
[Annotator "TA"]
[PlyCount "77"]
[EventDate "2020.10.10"]
[EventType "team-tourn"]
[EventCountry "SRB"]
[SourceTitle "playchess.com"]
[Source "ChessBase"]
[SourceQuality "1"]

{[%evp 11,77,4,9,-4,8,0,7,-2,0,0,0,-57,-51,-50,-37,-50,-57,-56,-18,-17,-24,-19,-19,-21,-23,-18,9,8,8,7,8,0,0,0,18,14,25,13,41,47,47,47,47,54,40,0,0,0,0,0,73,57,62,0,0,0,0,0,0,0,0,0,0,0,0,0,0,0]} 1. e4 c5 2. c4 Nc6 3. Nc3 g6 4. g3 Bg7 5. Bg2 e6 6. d3 Nge7 7. h4 {A36: Symmetrical English vs ...g6: 4 Bg2 Bg7.} h5 8. Bg5 d6 9. Qd2 a6 10. Nge2 Rb8 11. O-O ({White should play} 11. a3 $11) 11... b5 $1 $15 {[%cal Bb7b5,Bb5b4][%mdl 32]} 12. Rac1 {[#]} Qd7 $146 ({Predecessor:} 12... Nd4 13. b3 Qd7 14. Rfe1 b4 15. Nd1 Nec6 16. Nxd4 Nxd4 17. Be3 a5 18. Nb2 Bb7 {0-1 (41) Zlatanovic,B (2376)-Radovanovic,M (2483) Skopje 2019}) 13. Rfe1 b4 14. Nd1 Nd4 15. Nxd4 Bxd4 16. Be3 Nc6 17. Bxd4 Nxd4 18. Ne3 Bb7 19. Nc2 Nxc2 20. Rxc2 e5 21. f4 Qe7 22. Rf1 exf4 23. Qxf4 O-O 24. Rcf2 Kg7 25. Qf6+ Qxf6 26. Rxf6 Rbd8 27. Bh3 a5 28. R1f4 Bc6 29. Kf2 Ba4 30. Ke3 Bc2 (30... Bd7 $11 {remains equal.} 31. Bxd7 Rxd7) 31. Rf1 Ba4 32. R1f2 (32. Bg2 $14) 32... Bd7 $1 $11 {[%cal Rd7h3] The position is equal.} 33. Bxd7 Rxd7 {[%mdl 4096] Endgame KRR-KRR} 34. d4 Re8 35. Kd3 Re6 36. Rxe6 fxe6 37. Ke3 e5 38. d5 a4 39. Ke2 {Av CentiPawn Loss W=-6/B=-6. Weighted=-6/-9} 1/2-1/2

[Event "Centralserbian-chT 2020"]
[Site "Bajina basta"]
[Date "2020.10.15"]
[Round "8.1"]
[White "Ivic, Velimir"]
[Black "Delchev, Aleksander"]
[Result "1-0"]
[WhiteElo "2548"]
[BlackElo "2548"]
[Annotator "TA"]
[PlyCount "159"]
[EventDate "2020.10.10"]
[EventType "team-tourn"]
[EventCountry "SRB"]
[SourceTitle "playchess.com"]
[Source "ChessBase"]
[SourceQuality "1"]

{[%evp 23,159,8,44,37,42,41,66,45,45,48,45,34,48,5,31,35,45,12,53,20,49,2,38,11,16,18,19,25,45,0,29,24,28,10,37,25,32,16,32,20,32,18,24,20,40,16,27,11,35,28,31,0,0,0,26,33,69,59,68,45,43,45,54,35,104,44,61,29,75,56,78,85,131,131,131,127,133,110,116,107,103,101,108,35,37,25,25,25,25,25,37,25,30,8,15,8,8,8,25,15,25,25,34,25,46,37,86,86,109,60,60,36,48,25,58,66,46,52,118,111,244,230,262,256,253,256,242,248,238,260,262,260,256,247,484,484,482,475]} 1. e4 e5 2. Nf3 Nc6 3. Bb5 a6 4. Ba4 Nf6 5. O-O Be7 6. Re1 b5 7. Bb3 d6 8. c3 O-O 9. h3 Na5 10. Bc2 c5 11. d4 Qc7 12. d5 Bd7 13. b3 {C97: Closed Ruy Lopez: Chigorin Defence: 11 d4 Qc7, sidelines.} Nb7 14. c4 Ne8 15. Nc3 {[#] White is slightly better.} b4 $146 ({Predecessor:} 15... g6 16. Bh6 Ng7 17. g4 f6 18. Ne2 Nd8 19. Ng3 Nf7 20. Be3 Ng5 21. Kh2 Nxf3+ 22. Qxf3 bxc4 23. bxc4 {1-0 (50) Aroshidze,L (2470)-Hernandez Onna,R (2366) Sort 2007}) 16. Ne2 g6 17. Nh2 Ng7 18. f4 exf4 19. Bxf4 a5 20. Nf3 f6 (20... a4 $5) 21. Qd2 Nd8 22. Rf1 Nf7 23. Rf2 a4 24. Raf1 axb3 25. axb3 Ne5 26. Nc1 Rae8 27. Nd3 Nf7 28. Re1 Bd8 29. Bd1 Bc8 30. Bh2 Ne5 31. Bc2 Nf7 32. Kh1 Ne5 33. Rff1 Qe7 34. Bd1 Rf7 35. Nf2 Ref8 36. Kg1 Qc7 37. Bf4 Nh5 38. Bh2 Ng7 39. Nd3 Qe7 40. Bf4 Qc7 41. Nh2 Re8 42. Ng4 Bxg4 43. Bxg4 Rfe7 (43... f5 $14 44. Bxe5 dxe5) 44. Nf2 ({Better is} 44. Nxe5 $16 fxe5 45. Bh6) 44... Nf7 45. Bf3 Ne5 46. Bd1 Nf7 47. Bc2 Ne5 48. Ng4 Nxg4 49. hxg4 Rf8 50. Ra1 Qd7 51. Qd1 Ree8 52. Qf3 Be7 53. Ra6 (53. Bc1 $16) 53... Ra8 $14 54. Rfa1 Qb7 55. Rxa8 Rxa8 56. Rf1 Rf8 57. Bh6 Rf7 58. Qh3 Bf8 59. Ra1 Ne8 60. Bf4 Qc8 61. Qf3 Ng7 62. Qg3 Ne8 63. Bd1 Be7 64. Bf3 Qb7 65. Qf2 Nc7 66. Qd2 Rf8 67. Re1 Qc8 68. Kf2 Na6 69. g5 $36 {[%mdl 2048] White has good play.} fxg5 70. Bxg5 Bxg5 (70... Qd8 $1 $14 71. Bh6 Rf7) 71. Qxg5 $16 Qd8 {Loses the game.} (71... Qd7 $16) 72. Qxd8 $18 Rxd8 {[%mdl 4096] Endgame KRB-KRN} 73. e5 Nc7 74. exd6 Ne8 75. d7 Nf6 76. Re6 Kf7 77. Rc6 Nxd7 {[#]} 78. Kg3 $1 Ra8 $2 (78... Ke7 79. Bg4 Nf6) 79. Rc7 Ke8 80. d6 {Av CentiPawn Loss W=-11/B=-19. Weighted=-13/-18} 1-0

[Event "Centralserbian-chT 2020"]
[Site "Bajina basta"]
[Date "2020.10.15"]
[Round "8.2"]
[White "Radovanovic, Mihajlo"]
[Black "Perunovic, Miodrag"]
[Result "1/2-1/2"]
[WhiteElo "2457"]
[BlackElo "2440"]
[Annotator "TA"]
[PlyCount "66"]
[EventDate "2020.10.10"]
[EventType "team-tourn"]
[EventCountry "SRB"]
[SourceTitle "playchess.com"]
[Source "ChessBase"]
[SourceQuality "1"]

{[%evp 13,66,13,14,7,17,17,16,17,14,19,30,10,20,-29,-28,-24,0,-55,0,0,0,-183,-178,-165,14,8,8,13,102,102,105,105,145,153,139,151,144,127,137,111,176,200,550,353,343,57,57,56,48,0,0,0,0,0,14]} 1. Nf3 d5 2. d4 Nf6 3. c4 e6 4. Nc3 dxc4 5. e3 a6 6. Bxc4 b5 7. Bb3 Bb7 8. O-O {D26: Queen's Gambit Accepted: 4 e3 e6 5 Bxc5 c5 sidelines.} Nbd7 9. e4 b4 10. e5 bxc3 11. exf6 cxb2 {[#]} 12. Bxb2 $146 ({Predecessor:} 12. fxg7 Bxg7 13. Bxb2 O-O 14. Rc1 c5 15. Re1 Bxf3 16. Qxf3 cxd4 17. Ba3 Ne5 18. Qg3 {1-0 (39) Smirnov,P (2544)-Grandelius,N (2662) chess.com INT 2020}) 12... Qxf6 13. d5 Qxb2 14. dxe6 fxe6 15. Rb1 (15. Bxe6 $11 Nc5 16. Rb1) 15... Qc3 (15... Qf6 $15 16. Bxe6 Qxe6) 16. Bxe6 $11 {[%csl Ge6][%cal Rd1d7]} O-O-O $1 17. Rxb7 $2 (17. Qa4 $11 Qc6 18. Qb3) 17... Kxb7 $19 18. Bxd7 Bc5 $2 (18... Ka7 $1 $19 19. Qa4 Bb4) 19. Qd5+ $11 Ka7 $1 {And now ...Rhf8 would win.} 20. Ne5 {[#]} Rxd7 (20... Bxf2+ $1 $11 {[%mdl 512] keeps the balance.} 21. Rxf2 Rhf8 22. Rxf8 Rxf8) 21. Nc6+ $1 $16 ({Of course not} 21. Nxd7 $6 Bd4 $11) 21... Ka8 22. Qxd7 {Qd5 is the strong threat.} Qf6 23. Qd5 $1 {[%cal Rd5c5]} Qd6 {[#]} 24. Qe4 $1 {Threatens to win with Nd8+.} Rf8 25. Na5+ c6 {White must now prevent ...Rxf2!} 26. Nxc6 $40 {[%mdl 128] White attacks with force.} Bxf2+ (26... Qg6 $16 {keeps fighting.} 27. Qxg6 hxg6) 27. Kh1 $18 {White wants to mate with Na5+.} Qf4 $2 (27... Rf4 28. Qe8+ Kb7) 28. Qd3 Qa4 29. Ne7 $2 (29. Nd8 $18 {White threatens Qd5+ and mate.} Qb5 30. Qe4+ Kb8 {[#]} 31. Rb1 $1 {[%mdl 512]} Rxd8 32. Rxb5+ axb5 33. Qe5+ Kc8 34. g3) 29... Qb5 $14 30. Qe4+ $1 Qb7 $1 {[%cal Rb7e4]} 31. Nc6 Rc8 {The position is equal.} 32. Rc1 Bb6 33. a4 h6 {White used his chance. Av CentiPawn Loss W=-31/B=-31. Weighted=-29/-44} 1/2-1/2

[Event "Centralserbian-chT 2020"]
[Site "Bajina basta"]
[Date "2020.10.15"]
[Round "8.3"]
[White "Pavlovic, Dejan S"]
[Black "Radovanovic, Nikola"]
[Result "0-1"]
[WhiteElo "2390"]
[BlackElo "2377"]
[Annotator "TA"]
[PlyCount "82"]
[EventDate "2020.10.10"]
[EventType "team-tourn"]
[EventCountry "SRB"]
[SourceTitle "playchess.com"]
[Source "ChessBase"]
[SourceQuality "1"]

{[%evp 9,82,44,41,29,40,39,41,41,41,41,41,41,41,38,40,40,40,40,39,25,32,0,27,0,0,-14,88,-40,42,29,31,30,35,-8,31,-5,59,54,40,46,59,42,54,41,66,60,78,49,75,68,71,69,55,39,365,347,348,356,94,88,125,104,73,0,0,0,0,0,0,0,0,-382,29994,-29995,-29996]} 1. d4 Nf6 2. Bg5 Ne4 3. Bf4 c5 4. f3 Nf6 5. dxc5 b6 6. Nc3 {With the idea e4. A45: Trompowsky Attack.} bxc5 7. e4 Nc6 8. Bb5 {White is slightly better. is the legacy move (8.Bc4).} Bb7 9. Qd2 e6 10. O-O-O Be7 11. Nge2 a6 12. Ba4 O-O 13. Bd6 Bxd6 14. Qxd6 Qa5 $1 {[#]} 15. Bb3 $146 ({Predecessor:} 15. e5 Nd5 16. Nxd5 exd5 17. Bb3 c4 18. Rxd5 Qb4 19. Qxb4 Nxb4 20. Rd4 cxb3 21. Rxb4 bxa2 {½-½ (41) Valli,L (2328)-Hoemske,M (2298) ICCF email 2014}) 15... Rad8 16. a3 Ne8 17. Qg3 Qc7 (17... d6 $11) 18. f4 (18. Qxc7 $1 $16 Nxc7 19. h3) 18... f5 (18... Ne7 $15) 19. e5 $14 Na5 20. Ba2 Bc6 21. Qf2 Qb6 $1 22. Rd2 Rb8 (22... Nc7 $11) 23. Nd1 $1 Nc7 24. Nec3 $1 Kh8 25. Rg1 Nb7 26. g4 fxg4 27. Rxg4 Nb5 28. Qg3 {And now Nxb5 would win.} Nd4 29. Qh3 Nf5 30. Bc4 Na5 31. Bd3 c4 $2 {[%mdl 8192]} ({Black should try} 31... Nh6 $14) 32. Bxf5 $1 $18 Rxf5 33. Rh4 $1 {[%cal Rh4h7]} h6 $2 (33... h5 $18 34. Rxh5+ Rxh5 35. Qxh5+ Kg8) 34. Qg3 $40 {[%mdl 128] White is out for blood.} Rbf8 35. Ne3 R5f7 36. Rd1 ({White should play} 36. Re2 $16) 36... Rb8 $11 37. Kd2 Qxb2 {Strongly threatening ...Nb3+.} 38. Qg6 $1 {[%cal Rg6f7]} Nb3+ ({Not} 38... Rb3 $2 39. Rxh6+ $1 {[%mdl 512]} Kg8 40. Ke2 $18) 39. Ke2 Qxc3 40. cxb3 $2 {[%mdl 8192]} (40. Qxf7 $11 Nd4+ {[%mdl 64] Discovered Attack} 41. Rxd4 Qxd4 42. Rxh6+ $1 {[%mdl 512]} gxh6 43. Qf6+ {[%mdl 64] Double Attack} Kg8 44. Qg6+ Kh8 45. Qf6+ Kh7 46. Qf7+ Kh8 47. Qf6+ {[%mdl 64] Double Attack}) 40... Rxb3 $4 {[%mdl 8192] [#]} (40... Kg8 $19 41. Rxh6 Rxf4 42. Qh7+ Kf8 $1 {[%mdl 512]} 43. Rf6+ gxf6 44. Qh6+ Ke8 45. Qxf4 Rxb3 46. exf6 Kf7) 41. Rd2 $4 {[%mdl 8192]} (41. Rxh6+ $1 {[%mdl 512] was the only winning move.} Kg8 (41... gxh6 42. Qxh6+) 42. Qh7+ Kf8 43. Qh8+ Ke7 {[#]} 44. Rxe6+ $1 {[%mdl 576] Deflection} Kxe6 45. Qe8+ Re7 46. Qg6#) 41... Qxe3+ {[%mdl 64] Double Attack. Av CentiPawn Loss W=-52/B=-41. Weighted=-79/-26} 0-1

[Event "Centralserbian-chT 2020"]
[Site "Bajina basta"]
[Date "2020.10.15"]
[Round "8.4"]
[White "Radovic, Janko"]
[Black "Radovanovic, Dusan"]
[Result "1-0"]
[WhiteElo "2433"]
[BlackElo "2326"]
[Annotator "TA"]
[PlyCount "85"]
[EventDate "2020.10.10"]
[EventType "team-tourn"]
[EventCountry "SRB"]
[SourceTitle "playchess.com"]
[Source "ChessBase"]
[SourceQuality "1"]

{[%evp 12,85,17,0,17,13,8,17,11,21,15,14,14,11,47,28,62,68,75,68,101,93,102,97,104,84,87,100,95,98,110,60,61,62,60,42,32,33,46,41,43,24,28,0,0,0,89,72,108,108,112,0,21,21,22,26,10,27,43,34,61,13,45,35,44,18,31,24,74,71,59,18,65,27,780,769]} 1. e4 c5 2. Nf3 d6 3. Bb5+ Nd7 4. a4 Ngf6 5. Nc3 e6 6. O-O Be7 7. Re1 O-O {B51: Sicilian: Moscow Variation (3 Bb5+) without 3...Bd7.} 8. d4 cxd4 9. Nxd4 a6 {The position is equal.} 10. Bf1 Qc7 11. a5 Ne5 {[#]} 12. Nb3 $146 ({Predecessor:} 12. h3 Bd7 13. Kh1 Rfd8 14. f4 Nc4 15. Bd3 e5 16. Nf5 Bf8 17. b3 Nxa5 18. Nd5 Nxd5 19. exd5 {0-1 (51) Bogorad,M (2195)-Leiber,B (2198) Bad Neuenahr 2014}) 12... Nc6 13. Be3 Nd7 14. Na4 Rb8 15. Qd2 Nce5 16. f3 Kh8 17. Kh1 Rg8 18. f4 Ng4 19. Ba7 Ra8 20. Bg1 g5 21. g3 gxf4 22. gxf4 e5 23. Re2 exf4 24. Qxf4 Nde5 25. Nb6 Rb8 26. Nd5 Qd8 27. Nxe7 Qxe7 28. Nd4 Qh4 (28... Ng6 $11 29. Qd2 N4e5) 29. Ra3 Bd7 30. Nf5 $36 {[%mdl 2048] White is really pushing.} Bxf5 31. Qxf5 ({White has to play} 31. exf5 $16 {Black must now prevent h3.} Qh6 32. Qxh6 Nxh6 33. f6) 31... Rg6 {[#] Hoping for ...Rf6.} (31... Rg5 $5 32. Qf4 $8 Nf2+ {[%mdl 64] Discovered Attack} 33. Rxf2 Rbg8 34. Qf6+ {[%mdl 64] Double Attack} (34. Qxh4 $2 {is a self mate.} Rxg1#) 34... R8g7 35. Qd8+ Rg8 36. Qf6+ R8g7 37. Qd8+ Rg8 38. Qf6+ $11) 32. Rh3 Qe7 33. Rg2 Rbg8 34. Bd4 f6 35. Qf4 Nc6 36. Bb6 Qe6 37. Rhg3 {[#] Qf5 is the strong threat.} Nge5 38. b3 Rxg3 39. Rxg3 Rg6 40. Bh3 Qe7 41. Bf5 Rg5 42. Qh4 Ng6 $2 {[%mdl 8192]} (42... Rxg3 $11 43. Qxg3 (43. hxg3 Nf3 $11) 43... Qf7) 43. Bxg6 $1 {Av CentiPawn Loss W=-12/B=-33. Weighted=-13/-67} 1-0

[Event "Centralserbian-chT 2020"]
[Site "Bajina basta"]
[Date "2020.10.15"]
[Round "8.5"]
[White "Radivojevic, Ivan"]
[Black "Radovic, Luka"]
[Result "1/2-1/2"]
[WhiteElo "2365"]
[BlackElo "2334"]
[Annotator "TA"]
[PlyCount "74"]
[EventDate "2020.10.10"]
[EventType "team-tourn"]
[EventCountry "SRB"]
[SourceTitle "playchess.com"]
[Source "ChessBase"]
[SourceQuality "1"]

{[%evp 9,74,23,22,11,11,0,22,31,40,39,45,41,30,35,29,11,7,0,0,0,0,0,0,0,11,0,0,0,13,0,0,-46,-43,-48,-40,-70,-70,-75,-49,-49,-57,-62,-44,-34,-62,-47,5,0,0,0,0,0,-1,-7,-8,-33,-30,-31,-35,-33,-29,-32,-21,-29,-16,-15,0]} 1. e4 c5 2. Nc3 Nc6 3. Bb5 g6 4. Bxc6 dxc6 5. d3 Nf6 6. Be3 {B23: Closed Sicilian: Lines without g3.} e5 7. h3 Nd7 8. Qd2 h6 {[#]} 9. O-O-O $146 ({Predecessor:} 9. Nge2 Bg7 10. O-O Qe7 11. a4 b6 12. Kh2 Nf8 13. Nb1 Ne6 14. Na3 Ba6 15. b3 {0-1 (44) Pye,D (2057)-Lukosius,R (2115) Fareham 2019}) 9... Bg7 10. f4 exf4 11. Bxf4 Ne5 12. Nce2 Qe7 13. Kb1 Be6 14. Nf3 Nxf3 15. gxf3 b6 16. Qe1 O-O-O 17. Bc1 Kb7 $36 {[%mdl 2048] Black has the initiative.} 18. Qg3 Qd6 19. Bf4 Qe7 20. Bd2 c4 21. Bc3 cxd3 22. cxd3 Bxc3 23. Nxc3 Qc5 24. h4 Rd7 25. h5 g5 26. f4 {[#] Strongly threatening f5.} gxf4 27. Qxf4 Qg5 ({Black should try} 27... Rd6 $15) 28. Qxg5 $11 hxg5 29. Kc2 f5 30. Rdg1 g4 31. Rf1 g3 {[#] White must now prevent ...g2.} 32. Rhg1 Rxh5 {Threatens to win with ...Rh2+.} 33. Rxg3 Rh2+ 34. Kb1 fxe4 35. Nxe4 Bd5 36. Nc3 Re7 37. Rfg1 Rf7 {Av CentiPawn Loss W=-5/B=-4. Weighted=-6/-4} 1/2-1/2

[Event "Centralserbian-chT 2020"]
[Site "Bajina basta"]
[Date "2020.10.15"]
[Round "8.7"]
[White "Dimitrov, Radoslav"]
[Black "Celik, Hasan Huseyin"]
[Result "1-0"]
[WhiteElo "2507"]
[BlackElo "1970"]
[Annotator "TA"]
[PlyCount "67"]
[EventDate "2020.10.10"]
[EventType "team-tourn"]
[EventCountry "SRB"]
[SourceTitle "playchess.com"]
[Source "ChessBase"]
[SourceQuality "1"]

{[%evp 20,67,20,11,3,-22,-13,-25,-10,-10,0,0,0,0,0,0,11,0,0,0,0,0,0,0,0,0,7,5,33,33,34,39,39,29,56,45,100,67,60,0,56,4,0,8,158,51,65,71,29998,29999]} 1. d4 d5 2. c4 c6 3. Nf3 e6 4. Qc2 Nf6 5. Bg5 Be7 6. e3 O-O 7. Nc3 Nbd7 8. Rd1 h6 9. Bh4 b6 10. Bd3 Bb7 11. O-O Rc8 {[#] D61: Queen's Gambit Declined: Classical: 7 Qc2.} 12. Bxf6 $146 ({Predecessor:} 12. Qe2 dxc4 13. Bxc4 b5 14. Bd3 b4 15. Na4 Qa5 16. b3 c5 17. Ne5 Nxe5 18. dxe5 Nd5 19. Bxe7 Nxe7 {1-0 (62) Ernst,S (2587)-Dobrov,V (2541) Maastricht 2013}) 12... Nxf6 13. e4 dxe4 {Black has an edge.} 14. Nxe4 Qc7 15. c5 Rfd8 16. b4 Nxe4 17. Bxe4 a5 18. a3 axb4 19. axb4 bxc5 20. dxc5 Ba6 21. Rxd8+ Rxd8 22. Rd1 Rb8 23. Ra1 Bb5 24. Nd4 Qe5 25. Rd1 Qc7 26. g3 Bf8 27. Rd2 Qe5 (27... Qb7 $14) 28. Nxb5 (28. Nxc6 Bxc6 29. Bxc6 Rxb4 $17) 28... Rxb5 29. Rd8 ({But not} 29. Bxc6 Rxb4 30. Kg2 (30. Rd8 $2 Qc7 $19 {[%mdl 64] Double Attack}) 30... g6 $15) ({White should try} 29. Qc4 $14) 29... g5 (29... g6 $11) 30. Qc4 (30. Qb1 $14) 30... Qa1+ $1 $11 31. Kg2 Qb2 {[#]} (31... Qa3 $1 $11) 32. Bc2 ({And not} 32. Bxc6 Rxb4 33. Qd3 Kg7 $17) ({White has to play} 32. Qd3 $1 $16 Kg7 33. Qd4+ (33. Bxc6 Rxb4 34. Qe3 Rc4 $17) 33... Qxd4 34. Rxd4) 32... Rxb4 $14 33. Qd3 {[%csl Gc2][%cal Rd3h7]} Qg7 $2 {[%mdl 8192] [#]} (33... f5 $16) 34. Rxf8+ $1 {[%mdl 512] Av CentiPawn Loss W=-13/B=-59. Weighted=-22/-50} 1-0

[Event "Centralserbian-chT 2020"]
[Site "Bajina basta"]
[Date "2020.10.15"]
[Round "8.11"]
[White "Radovanovic, Jovica"]
[Black "Gavrilovic, Leonardo"]
[Result "1-0"]
[WhiteElo "2303"]
[BlackElo "2246"]
[Annotator "TA"]
[PlyCount "85"]
[EventDate "2020.10.10"]
[EventType "team-tourn"]
[EventCountry "SRB"]
[SourceTitle "playchess.com"]
[Source "ChessBase"]
[SourceQuality "1"]

{[%evp 21,85,48,50,49,59,43,43,51,55,40,59,36,35,25,46,51,61,37,41,0,0,0,0,0,0,0,0,-10,-26,-22,-18,-16,-9,-41,0,-73,-77,-209,-207,-243,-254,-247,-243,-243,-227,-281,-227,-240,-156,-247,-191,-176,-177,-192,-192,-185,-195,-204,-212,-229,-243,-237,-242,-261,702,648]} 1. d4 Nf6 2. c4 e6 3. Nc3 Bb4 4. Nf3 b6 5. Bg5 Bb7 6. e3 h6 7. Bh4 O-O 8. Bd3 c5 9. O-O cxd4 10. exd4 Bxc3 11. bxc3 d6 12. Re1 {E13: Queen's Indian/Nimzo-Indian hybrid: 4 Nc3 Bb7 5 Bg5 h6 6 Bh4 Bb4.} Nbd7 13. Nd2 Qc7 14. a4 {[#] White is slightly better.} d5 $146 ({Predecessor:} 14... Rfe8 15. Bf1 Rac8 16. a5 d5 17. Bg3 Qc6 18. Rb1 dxc4 19. Nxc4 Ne4 20. Rxe4 Qxe4 {1-0 (31) Nguyen,H (2484)-Csiszar,C (2450) Zalakaros 2009}) 15. Bg3 Qc6 16. f3 a5 17. Rc1 dxc4 18. Bxc4 Ba6 19. Bb3 Nh5 20. Ne4 {Hoping for d5.} Nxg3 21. hxg3 {Threatens to win with d5.} Bc4 22. g4 Rfd8 23. Qc2 Nf8 {[%cal Bd7f8,Bf8g6,Bg6f4,Bf4d5,Bd5f4][%mdl 32]} 24. Bxc4 Qxc4 25. Nd2 Qc7 26. Ne4 Ng6 27. Qf2 Nf4 {aiming for ...Nd3.} 28. Qf1 (28. Qd2 $11) 28... Rac8 $17 29. Nd2 (29. g3 $17 {keeps fighting.} Nd5 30. g5) 29... Qc6 30. Re4 {[#]} Nd5 $1 {[%cal Rd5c3]} 31. Ree1 Qxa4 32. Qd3 Qc6 33. Kh1 Rd7 34. Ne4 Qc7 35. g5 (35. c4 $17 Ne7 36. c5) 35... Nf4 36. Qe3 hxg5 37. g3 Nd5 38. Qxg5 {[#] Black should prevent c4.} Qd8 $1 39. Qh5 Nf6 40. Nxf6+ Qxf6 41. Kg2 Rd5 42. Qh2 Kf8 $4 {[%mdl 8192]} (42... g6 $19 43. Qh6 Rb5) 43. Qh8+ {Av CentiPawn Loss W=-19/B=-39. Weighted=-19/-84} 1-0

[Event "Centralserbian-chT 2020"]
[Site "Bajina basta"]
[Date "2020.10.15"]
[Round "8.12"]
[White "Roljevic, Djordje"]
[Black "Zivkovic, Vladislav"]
[Result "1/2-1/2"]
[WhiteElo "2177"]
[BlackElo "2171"]
[Annotator "TA"]
[PlyCount "31"]
[EventDate "2020.10.10"]
[EventType "team-tourn"]
[EventCountry "SRB"]
[SourceTitle "playchess.com"]
[Source "ChessBase"]
[SourceQuality "1"]

{[%evp 14,16,0,-24,-23]} 1. d4 d5 2. c4 e6 3. Nf3 c5 4. cxd5 exd5 5. Nc3 Nc6 6. Bg5 Be7 7. Bxe7 Ngxe7 8. e3 c4 {[#] A rather calm draw. D32: Tarrasch Defence: Sidelines and lines without g3.} {Predecessor:} 9. b3 $146 b5 10. a3 Qa5 11. b4 Qb6 12. Be2 a5 13. O-O O-O 14. Qc1 Bf5 15. Qb2 Ra6 16. Nh4 {½-½ (49) Esipenko,A (2593)-Mamedov,R (2703) Skopje 2018} 1/2-1/2